000 01329nam a22002417a 4500
001 3414
003 FISKH
005 20240520144700.0
008 240304b cb ||||| |||| 00| 0 eng d
020 _a9781316509142
040 _aFISKH
_beng
_cFISKH
_dFISKH
050 _aPZ7
082 _a510.76
100 _aMoseley, Cherri
245 _aCambridge primary Mathematics skills builder 2 /
_cCherri Moseley and Janet Rees
260 _aNew York :
_bCambridge,
_c2016.
300 _a72 pages :
_billustrations ;
_c28 cm
520 _aCambridge Primary Mathematics is a flexible and engaging course written specifically for Cambridge Primary Mathematics Curriculum Stages 1 to 6. The course offers a discussion-led approach with problem-solving integrated throughout. The language is pitched to ESL learners with illustrations to support visual understanding. Skills Builders provide consolidation activities for children who need extra learning opportunities to meet the standard for success. A full range of activities is provided to help raise a child's mathematical understanding and performance to match their peers, with teacher/parental guidance on key mathematical methods and concepts before each exercise.
650 _aMathematics
700 _aRees, Janet
_eAuthor
942 _2ddc
_cBK
_n0
999 _c3414
_d3414